| 000 | 00754nam a2200205 i 4500 | ||
|---|---|---|---|
| 001 | 123966 | ||
| 003 | ES-MaACL | ||
| 005 | 20250907063107.0 | ||
| 007 | t| | ||
| 008 | 070214s1943 sp r ||||1| spa d | ||
| 100 | 1 |
_aVilla-Urrutia, Wenceslao Ramírez de Villa-Urrutia, _cMarqués de, _d1850-1933 _9114894 |
|
| 245 | 1 | 0 |
_aFernando VII, Rey constitucional _b: historia diplomática de España, de 1820 a 1823 / _cMarqués de Villa-Urrutia. |
| 250 | _a2ª ed. | ||
| 260 |
_aMadrid : _b[s. n.], _c1943 ( _fImp. Torrent) |
||
| 300 |
_a348 p. ; _c23 cm. |
||
| 600 | 0 | 4 |
_aFernando _bVII, _cRey de España _950206 |
| 651 | 4 |
_aEspaña- _xHistoria- _y1814-1833, Fernando VII _98248 |
|
| 852 |
_aES-MaACL _jF-15687 _bR.20042 |
||
| 999 |
_c123966 _d123966 |
||